Población, hogares y familias según el censo de 1992. Chile datos regionales
Zapisane w:
| Główni autorzy: | , |
|---|---|
| Format: | Książka |
| Język: | hiszpański |
| Wydane: |
Santiago
SERNAM
1995
|
| Hasła przedmiotowe: | |
| Etykiety: |
Dodaj etykietę
Nie ma etykietki, Dołącz pierwszą etykiete!
|
MARC
| LEADER | 00000nam a2200000 a 4500 | ||
|---|---|---|---|
| 001 | UCU6951 | ||
| 003 | CL-VaPUC | ||
| 008 | 960628e19950315CL |||||||||||||||||spa|d | ||
| 082 | 0 | 4 | |a 318.983 |b REC |2 21 |
| 100 | 0 | |a Reca, Inés C |e author |9 365350 | |
| 700 | 0 | |a Pérez, Ernestina |e author |9 365351 | |
| 245 | 1 | 0 | |a Población, hogares y familias según el censo de 1992. Chile datos regionales |
| 300 | |a p. irre | ||
| 942 | |c BK | ||
| 945 | |d 19960628 00:00:00 |a rbrito | ||
| 260 | |a Santiago |b SERNAM |c 1995 | ||
| 650 | 0 | |a Población |9 257577 | |
| 650 | 0 | |a Estadísticas |9 258644 | |
| 650 | 0 | |a Hogar |9 309858 | |
| 650 | 0 | |a Familias |9 255641 | |
| 650 | 0 | |a Aspectos económicos |9 255165 | |
| 650 | 0 | |a Aspectos sociales |9 254894 | |
| 650 | 0 | |a Demografía |9 260008 | |
| 650 | 7 | |a CENSOS |2 CL-VaPUC |9 317246 | |
| 651 | 7 | |a CHILE |2 CL-VaPUC |9 365352 | |
| 583 | |a last modification |c 19960628 00:00:00 |k Rodrigo Vera | ||
| 999 | |c 249680 |d 249678 | ||
| 952 | |0 0 |1 0 |4 0 |6 318_983000000000000_REC_1995 |7 0 |8 A |9 267108 |a BIBGIM |b BIBGIM |d 2019-11-19 |i 3208818 |o 318.983 REC 1995 |p 3208818 |r 2025-01-15 |w 2019-11-19 |y BK |k SSL | ||